[Event "POL-ch U18 Girls"]
[Site "Sypniewo"]
[Date "2022.03.22"]
[Round "4"]
[White "Czerwinska, Oliwia"]
[Black "Bienko, Jagoda"]
[Result "1/2-1/2"]
[WhiteElo "1428"]
[BlackElo "1551"]
[PlyCount "104"]
[EventDate "2022.03.19"]
[EventType "swiss"]
[EventRounds "9"]
[EventCountry "POL"]
[SourceTitle "CBM 207 Extra"]
[Source "ChessBase"]
[SourceDate "2022.05.31"]
[SourceVersion "1"]
[SourceVersionDate "2022.05.31"]
[SourceQuality "1"]

1. e4 c5 2. Nf3 Nc6 3. b4 Nxb4 4. c3 Nc6 5. d4 cxd4 6. cxd4 d5 7. exd5 Qxd5 8. Nc3 Qd8 9. d5 Nb8 10. Bf4 a6 11. Qa4+ Bd7 12. Bb5 Nf6 13. Rb1 g6 14. Bxd7+ Qxd7 15. Rxb7 Qxa4 16. Nxa4 Nbd7 17. Ne5 Nxd5 18. Nxd7 Nxf4 19. Nab6 Rd8 20. 0-0 Bg7 21. g3 Ne6 22. Rc1 Bd4 23. Rc4 a5 24. a4 h5 25. Nb8 0-0 26. Nc6 Bxb6 27. Nxe7+ Kg7 28. Rxb6 Rd1+ 29. Kg2 Rfd8 30. Rb2 Re1 31. Nc6 Rdd1 32. f4 Rd5 33. Kf2 Red1 34. Ke2 Rh1 35. Kf3 Rhd1 36. Ke2 Ra1 37. Rbc2 Rd6 38. Kf2 Rd5 39. Ke2 Rdd1 40. h4 Re1+ 41. Kf3 Rad1 42. Kg2 Rd3 43. R4c3 Rd5 44. Rc4 Kf6 45. Kf2 Red1 46. Rc1 R1d2+ 47. Kf1 Rh2 48. R4c2 Rh1+ 49. Kg2 Rxc1 50. Rxc1 Rd2+ 51. Kf3 Rd5 52. Rc3 Nc5 1/2-1/2

[Event "POL-ch U17 Girls Qual"]
[Site "Jastrzebia Gora"]
[Date "2021.11.20"]
[Round "8"]
[White "Bychowska, Marta"]
[Black "Czerwinska, Oliwia"]
[Result "1-0"]
[WhiteElo "1328"]
[BlackElo "1408"]
[PlyCount "81"]
[EventDate "2021.11.15"]
[EventType "swiss"]
[EventRounds "9"]
[EventCountry "POL"]
[SourceTitle "EXT 2023"]
[Source "ChessBase"]
[SourceDate "2022.10.05"]
[SourceVersion "1"]
[SourceVersionDate "2022.10.05"]
[SourceQuality "1"]

1. e4 c5 2. Nc3 Nc6 3. g3 Rb8 4. Bg2 b5 5. d3 b4 6. Nce2 e5 7. Nf3 d6 8. 0-0 Be7 9. c3 a5 10. d4 bxc3 11. bxc3 cxd4 12. cxd4 Ba6 13. Re1 Bxe2 14. Rxe2 Nxd4 15. Nxd4 exd4 16. Bb2 Bf6 17. Bxd4 Bxd4 18. Qxd4 f6 19. Rd1 Ke7 20. Qa7+ Kf8 21. Red2 Qb6 22. Qxb6 Rxb6 23. Rxd6 Rxd6 24. Rxd6 Ke7 25. Ra6 g6 26. Rxa5 Nh6 27. a4 Nf7 28. Ra7+ Ke6 29. Bh3+ f5 30. exf5+ gxf5 31. Bxf5+ Kxf5 32. Rxf7+ Kg6 33. Ra7 Kf6 34. a5 Ke6 35. a6 Kd6 36. Rg7 Kc6 37. a7 Kb6 38. Rxh7 Ra8 39. f4 Rxa7 40. Rxa7 Kxa7 41. f5 1-0

[Event "POL-ch U17 Girls Qual"]
[Site "Jastrzebia Gora"]
[Date "2021.11.18"]
[Round "5"]
[White "Czerwinska, Oliwia"]
[Black "Rodzik, Malgorzata"]
[Result "1-0"]
[WhiteElo "1408"]
[BlackElo "1198"]
[PlyCount "46"]
[EventDate "2021.11.15"]
[EventType "swiss"]
[EventRounds "9"]
[EventCountry "POL"]
[SourceTitle "EXT 2023"]
[Source "ChessBase"]
[SourceDate "2022.10.05"]
[SourceVersion "1"]
[SourceVersionDate "2022.10.05"]
[SourceQuality "1"]

1. e4 c5 2. Nf3 d6 3. c3 Nf6 4. Bd3 e6 5. Bc2 Nc6 6. 0-0 Be7 7. a3 0-0 8. d4 cxd4 9. cxd4 b6 10. b4 Bb7 11. Nbd2 Rc8 12. Bb2 d5 13. e5 Ng4 14. h3 Nh6 15. Qb1 g6 16. Re1 Re8 17. Nf1 f6 18. Bxg6 Rf8 19. Bxh7+ Kh8 20. Bc1 Rf7 21. Bg6 Rg7 22. Bxh6 Rg8 23. Bf7 Ra8 1-0

[Event "Bohumin op 4th"]
[Site "Bohumin"]
[Date "2021.07.05"]
[Round "3"]
[White "Novak, Jiri1111"]
[Black "Czerwinska, Oliwia"]
[Result "1-0"]
[WhiteElo "1997"]
[BlackElo "1473"]
[PlyCount "101"]
[EventDate "2021.07.03"]
[EventType "swiss"]
[EventRounds "9"]
[EventCountry "CZE"]
[SourceTitle "CBM 203 Extra"]
[Source "ChessBase"]
[SourceDate "2021.09.30"]
[SourceVersion "1"]
[SourceVersionDate "2021.09.30"]
[SourceQuality "1"]

1. e4 e5 2. Nf3 Nc6 3. Bb5 Bc5 4. c3 d6 5. 0-0 Bd7 6. d4 exd4 7. cxd4 Bb6 8. Bg5 Nge7 9. Nc3 h6 10. Bh4 g5 11. Bg3 a6 12. Ba4 Ba5 13. d5 Na7 14. Qd4 Rg8 15. Rfe1 Nb5 16. Bxb5 Bxb5 17. a4 Bd7 18. e5 Bb6 19. Qd2 Bf5 20. exd6 cxd6 21. h4 f6 22. hxg5 hxg5 23. Nd4 Bxd4 24. Qxd4 Kf7 25. Qb4 Qd7 26. Bxd6 Rae8 27. Bxe7 Rxe7 28. d6 Rxe1+ 29. Rxe1 Re8 30. Rxe8 Kxe8 31. Nd5 Kf7 32. Nb6 Qc6 33. Nc4 Bc8 34. b3 Qd7 35. Kf1 Qc6 36. Qc3 Be6 37. f3 Kg7 38. Qd4 Kf7 39. Kf2 Kg7 40. Ke3 Kf7 41. Qe4 Qxe4+ 42. fxe4 Ke8 43. Kd4 Kd7 44. Kc5 Kd8 45. a5 Bd7 46. Ne3 Ke8 47. Kb6 Bc6 48. Kc7 Bb5 49. Nd5 Kf7 50. d7 Bxd7 51. Kxd7 1-0

[Event "Ustron op-C"]
[Site "Ustron"]
[Date "2020.08.15"]
[Round "4"]
[White "Mrazek, Roman1111"]
[Black "Czerwinska, Oliwia"]
[Result "1/2-1/2"]
[WhiteElo "1627"]
[BlackElo "1394"]
[PlyCount "49"]
[EventDate "2020.08.15"]
[EventType "swiss"]
[EventRounds "9"]
[EventCountry "POL"]
[SourceTitle "EXT 2021"]
[Source "ChessBase"]
[SourceDate "2020.10.23"]
[SourceVersion "1"]
[SourceVersionDate "2020.10.23"]
[SourceQuality "1"]

1. d4 d5 2. Bf4 Nf6 3. e3 c6 4. c3 Bf5 5. Nd2 e6 6. Ngf3 Bd6 7. Bg3 Bc7 8. Qb3 Qc8 9. Be2 0-0 10. Ne5 Nbd7 11. Ndf3 Nxe5 12. Bxe5 Nd7 13. Bg3 Bxg3 14. hxg3 Qc7 15. Rc1 Qb6 16. Qxb6 Nxb6 17. Nd2 Rac8 18. 0-0 Rfe8 19. g4 Bg6 20. f4 f5 21. g5 Re7 22. Nf3 Bh5 23. Bd3 Rec7 24. Ne5 Nd7 25. Nxd7 1/2-1/2

[Event "POL-chT U20 2nd League"]
[Site "Szczyrk"]
[Date "2017.07.26"]
[Round "6.66"]
[White "Czerwinska, Oliwia"]
[Black "Wiecek, Karolina"]
[Result "1/2-1/2"]
[WhiteElo "1161"]
[BlackElo "1223"]
[PlyCount "171"]
[EventDate "2017.07.22"]
[EventType "team-swiss"]
[EventRounds "11"]
[EventCountry "POL"]
[SourceTitle "EXT 2019"]
[Source "ChessBase"]
[SourceDate "2018.10.10"]
[SourceVersion "1"]
[SourceVersionDate "2018.10.10"]
[SourceQuality "1"]

1. e4 e5 2. Nf3 Nf6 3. Nxe5 d6 4. Nf3 Nxe4 5. Nc3 Nxc3 6. dxc3 Be7 7. Bf4 Nc6 8. Qd2 0-0 9. 0-0-0 Bd7 10. Nd4 Ne5 11. f3 Ng6 12. Be3 a6 13. Kb1 c5 14. Ne2 b5 15. Nf4 Ne5 16. Nd5 Ng6 17. Nxe7+ Qxe7 18. Qxd6 Qxe3 19. Qxd7 Rad8 20. Qxd8 Rxd8 21. Rxd8+ Nf8 22. Bd3 g6 23. Rd1 Kg7 24. Bf1 Qf2 25. R8d2 Qh4 26. g3 Qf6 27. f4 Qf5 28. Rd5 Qg4 29. Bg2 Qe2 30. R5d2 Qg4 31. Bb7 a5 32. a3 Ne6 33. Bd5 c4 34. Bxe6 Qxe6 35. Rd5 Qe2 36. R5d2 Qe6 37. Ka2 Qb6 38. Rd4 Qc6 39. Rd6 Qg2 40. R1d2 Qb7 41. R2d5 Qc7 42. Rd7 Qc6 43. R7d6 Qc7 44. Kb1 Qb7 45. Ka1 Qc7 46. Ka2 Qb7 47. Kb1 Qc7 48. Kc1 Qb7 49. Kb1 Qc7 50. Ka2 Qb7 51. b3 cxb3+ 52. cxb3 Qc7 53. Kb2 Qb7 54. Kc2 Qc7 55. Rd4 Qb7 56. R6d5 Qc6 57. Kb2 Qb6 58. Kc1 Qc6 59. Kc2 Qb6 60. c4 bxc4 61. Rxc4 Qf2+ 62. Rd2 Qb6 63. Kb2 Qf6+ 64. Ka2 Qb6 65. Rdd4 Qe6 66. Re4 Qd6 67. Rcd4 Qc6 68. Kb2 f5 69. Re7+ Kh6 70. Red7 Qg2+ 71. Rd2 Qc6 72. R7d6 Qc5 73. R6d5 Qb6 74. Re5 a4 75. b4 Qc6 76. Ra5 Qf6+ 77. Kc2 Qc6+ 78. Kb2 Qf6+ 79. Re5 Qc6 80. Rc5 Qf6+ 81. Re5 Qc6 82. Rc5 Qf6+ 83. Re5 Qc6 84. Rc5 Qf6+ 85. Re5 Qc6 86. Rc2 1/2-1/2

[Event "POL-chT U20 2nd League"]
[Site "Szczyrk"]
[Date "2017.07.24"]
[Round "4.77"]
[White "Czerwinska, Oliwia"]
[Black "Roszkiewicz, Zofia"]
[Result "1/2-1/2"]
[WhiteElo "1161"]
[BlackElo "1202"]
[PlyCount "90"]
[EventDate "2017.07.22"]
[EventType "team-swiss"]
[EventRounds "11"]
[EventCountry "POL"]
[SourceTitle "EXT 2019"]
[Source "ChessBase"]
[SourceDate "2018.10.10"]
[SourceVersion "1"]
[SourceVersionDate "2018.10.10"]
[SourceQuality "1"]

1. e4 c5 2. c3 d5 3. exd5 Qxd5 4. d4 Nc6 5. Be3 cxd4 6. cxd4 Nf6 7. Nc3 Qa5 8. Nf3 Bg4 9. h3 Bh5 10. g4 Bg6 11. Bd3 Bxd3 12. Qxd3 e6 13. a3 Be7 14. Qb5 Qxb5 15. Nxb5 0-0 16. Nc3 Rfd8 17. 0-0 Rac8 18. Rfd1 Nd5 19. Nxd5 Rxd5 20. Rac1 Rcd8 21. Rd2 h6 22. Rcd1 Bf6 23. Kh1 Kh7 24. Kg1 R8d7 25. Kh1 Rd8 26. Kg1 Kg8 27. Kh1 R8d7 28. Kg1 Kh7 29. Kg2 Rd8 30. Kg1 Rc8 31. Rd3 Rcd8 32. Kg2 e5 33. Ne1 exd4 34. Bf4 g5 35. Bg3 Be5 36. Nf3 Bf6 37. Ne1 b5 38. f3 Be5 39. Nc2 Bxg3 40. Kxg3 Re8 41. R1d2 Red8 42. Kf2 a6 43. b4 f6 44. Kg2 Re8 45. Kf2 Red8 1/2-1/2